000 00341nam a22001457a 4500
003 SGT
020 _a978-81-312-5409-7
082 _a612
_bSIN
100 _aSINGH, HARMINDER
245 _aFUNDAMENTALS OF MEDICAL PHYSIOLOGY
260 _aINDIA
_bELSEVIER PUB.
_c2018
300 _a713
650 _aMEDICAL PHYSIOLOGY
942 _2ddc
_cBK
999 _c32332
_d32332